书目信息 |
| 题名: |
近代广西经纪业研究
|
|
| 作者: | 刘爱新 著 | |
| 分册: | ||
| 出版信息: | 北京 光明日报出版社 2014 |
|
| 页数: | 260页 | |
| 开本: | 24cm | |
| 丛书名: | ||
| 单 册: | ||
| 中图分类: | F729.5 | |
| 科图分类: | ||
| 主题词: | 经纪--商业史--广西--1885-1956 | |
| 电子资源: | ||
| ISBN: | 978-7-5112-5648-5 | |
| 000 | 01107nam0 2200241 450 | |
| 001 | 338412 | |
| 005 | 20150602095834.17 | |
| 010 | @a978-7-5112-5648-5@dCNY49.00 | |
| 100 | @a20140919d2014 em y0chiy50 ea | |
| 101 | 0 | @achi |
| 102 | @aCN@b110000 | |
| 105 | @ay z 000yy | |
| 106 | @ar | |
| 200 | 1 | @a近代广西经纪业研究@Ajin dai guang xi jing ji ye yan jiu@d= The study of brokerages in modern Guangxi@e1885-1956@e1885-1956@f刘爱新著@zeng |
| 210 | @a北京@c光明日报出版社@d2014 | |
| 215 | @a260页@d24cm | |
| 330 | @a本书着眼于区域性研究, 以近代广西经纪业作为考察对象, 借助于历史学、区域经济学、新经济社会学等多学科理论方法, 探讨近代广西经纪业由逐步建立到主导商品流通、再到执掌商界牛耳的发展进程, 并详尽剖析近代广西经纪业在发展过程中所建构的市场空间网络、商业经营网络及社会关系网络, 揭示近代广西经纪业发展的区域性特征和网络化特征, 为区域经济开发提供历史启迪。 | |
| 510 | 1 | @aStudy of brokerages in modern Guangxi@e1885-1956@zeng |
| 606 | 0 | @a经纪@x商业史@y广西@z1885-1956 |
| 690 | @aF729.5@v5 | |
| 701 | 0 | @a刘爱新@Aliu ai xin@4著 |
| 801 | 0 | @aCN@b卓展宏图@c20150525 |
| 905 | @dF729.5@e80@f4 | |
| 近代广西经纪业研究= The study of brokerages in modern Guangxi:1885-1956:1885-1956/刘爱新著.-北京:光明日报出版社,2014 |
| 260页;24cm |
| ISBN 978-7-5112-5648-5:CNY49.00 |
| 本书着眼于区域性研究, 以近代广西经纪业作为考察对象, 借助于历史学、区域经济学、新经济社会学等多学科理论方法, 探讨近代广西经纪业由逐步建立到主导商品流通、再到执掌商界牛耳的发展进程, 并详尽剖析近代广西经纪业在发展过程中所建构的市场空间网络、商业经营网络及社会关系网络, 揭示近代广西经纪业发展的区域性特征和网络化特征, 为区域经济开发提供历史启迪。 |
| ● |
| 相关链接 |
|
|
|
|
正题名:近代广西经纪业研究
索取号:F729.5/80
 
预约/预借
| 序号 | 登录号 | 条形码 | 馆藏地/架位号 | 状态 | 备注 |
| 1 | 862079 | 208620795 | 第一样本阅览室/ [索取号:F729.5/80] | 在馆 | |
| 2 | 862080 | 208620802 | 第一借阅区/ [索取号:F729.5/80] | 在馆 | |
| 3 | 862081 | 208620811 | 第一借阅区/ [索取号:F729.5/80] | 在馆 | |
| 4 | 862082 | 208620820 | 第一借阅区/ [索取号:F729.5/80] | 在馆 |